000 00541nam a2200229Ia 4500
005 20250425162436.0
008 250425s9999 xx 000 0 und d
020 _a9789702611868
041 _aspa
082 _a658.8
100 _aKOTLER, PHILIP
245 0 _aFUNDAMENTOS DE MARKETING
250 _a8A ED.
260 _aMEXICO
260 _aMéxico
_bPEARSON EDUCACION
_c2008
300 _a522
650 _aCLIENTES
650 _aESTRATEGIAS DE MARKETING
650 _aFIJACION DE PRECIOS
942 _c01
010 _a74336
999 _c229329
_d229329